Financial Institutions and Markets (Record no. 176242)

MARC details
000 -LEADER
fixed length control field 00375nam a22001697a 4500
005 - DATE AND TIME OF LATEST TRANSACTION
control field 20250904150429.0
020 ## - INTERNATIONAL STANDARD BOOK NUMBER
ISBN 9789352605415
041 ## - LANGUAGE CODE
Language code of text/sound track or separate title English
082 ## - DEWEY DECIMAL CLASSIFICATION NUMBER
Classification number 332.1 Q17 BHO
100 ## - MAIN ENTRY--AUTHOR NAME
Personal name Bhole L M
245 ## - TITLE STATEMENT
Title Financial Institutions and Markets
250 ## - EDITION STATEMENT
Edition statement 06
260 ## - PUBLICATION, DISTRIBUTION, ETC. (IMPRINT)
Place of publication New Delhi
Name of publisher McGraw Hill
Year of publication 2017
300 ## - PHYSICAL DESCRIPTION
Number of Pages 800
365 ## - TRADE PRICE
Price amount 1020.00
942 ## - ADDED ENTRY ELEMENTS (KOHA)
Koha item type Books
Holdings
Withdrawn status Lost status Home library Current library Shelving location Date acquired Cost, normal purchase price Full call number Accession Number Cost, replacement price Department Koha item type
    PSG-CAS LIBRARY PSG-CAS LIBRARY AW ROW 11 RACK 159A SELF 4 04/09/2025 1020.00 332.1 Q17 BHO 152002 1020.00 Economics Books
    PSG-CAS LIBRARY PSG-CAS LIBRARY AW ROW 11 RACK 159A SELF 4 04/09/2025 1020.00 332.1 Q17 BHO 152003 1020.00 Economics Books
    PSG-CAS LIBRARY PSG-CAS LIBRARY AW ROW 11 RACK 159A SELF 4 04/09/2025 1020.00 332.1 Q17 BHO 152004 1020.00 Economics Books
    PSG-CAS LIBRARY PSG-CAS LIBRARY AW ROW 11 RACK 159A SELF 4 04/09/2025 1020.00 332.1 Q17 BHO 152005 1020.00 Economics Books
    PSG-CAS LIBRARY PSG-CAS LIBRARY AW ROW 11 RACK 159A SELF 4 04/09/2025 1020.00 332.1 Q17 BHO 152006 1020.00 Economics Books
    PSG-CAS LIBRARY PSG-CAS LIBRARY AW ROW 11 RACK 159A SELF 4 04/09/2025 1020.00 332.1 Q17 BHO 153228 1020.00 Economics Books
    PSG-CAS LIBRARY PSG-CAS LIBRARY AW ROW 11 RACK 159A SELF 4 04/09/2025 1020.00 332.1 Q17 BHO 153229 1020.00 Economics Books
    PSG-CAS LIBRARY PSG-CAS LIBRARY AW ROW 11 RACK 159A SELF 4 04/09/2025 1020.00 332.1 Q17 BHO 153230 1020.00 Economics Books
    PSG-CAS LIBRARY PSG-CAS LIBRARY AW ROW 11 RACK 159A SELF 4 04/09/2025 1020.00 332.1 Q17 BHO 153231 1020.00 Economics Books
    PSG-CAS LIBRARY PSG-CAS LIBRARY AW ROW 11 RACK 159A SELF 4 04/09/2025 1020.00 332.1 Q17 BHO 153232 1020.00 Economics Books

Contact Us:

PSGCAS LIBRARY
Phone: 04224303300
Website: http://www.psgcas.ac.in/ | Email: psgcaslib@gmail.com


You are Visitor Number

web counter